<?xml version="1.0" encoding="UTF-8"?>
<marc:record xmlns:marc="http://www.loc.gov/MARC21/slim">
   <marc:leader>00000nam a2200000 a 4500</marc:leader>
   <marc:datafield ind1="1" ind2=" " tag="100">
      <marc:subfield code="a">Moost, Nele</marc:subfield>
      <marc:subfield code="4">aut</marc:subfield>
      <marc:subfield code="e">Verfasser/-in</marc:subfield>
   </marc:datafield>
   <marc:datafield ind1=" " ind2=" " tag="653">
      <marc:subfield code="a">Bilderbuch-Reihen (Kindermedien)</marc:subfield>
   </marc:datafield>
   <marc:datafield ind1=" " ind2=" " tag="653">
      <marc:subfield code="a">Konfliktbewältigung</marc:subfield>
   </marc:datafield>
   <marc:datafield ind1=" " ind2=" " tag="653">
      <marc:subfield code="a">Rabe</marc:subfield>
   </marc:datafield>
   <marc:datafield ind1="0" ind2="0" tag="245">
      <marc:subfield code="a">Alles vermurkst!</marc:subfield>
   </marc:datafield>
   <marc:datafield ind1="0" ind2="0" tag="245">
      <marc:subfield code="b">oder Auch ein kleiner Rabe kann ein grosser Helfer sein</marc:subfield>
   </marc:datafield>
   <marc:datafield ind1=" " ind2="1" tag="264">
      <marc:subfield code="b">J. F. Schreiber</marc:subfield>
      <marc:subfield code="c">2013</marc:subfield>
   </marc:datafield>
   <marc:datafield ind1="1" ind2=" " tag="520">
      <marc:subfield code="a">In der Titelgeschichte ""Alles vermurkst!"" möchte Socke eigentlich nur eines: ein richtig guter Helfer sein. Deshalb packt er auch gerne mit an und hilft Frau Dachs beim Muffins backen. So ganz will ihm das allerdings nicht gelingen, denn er steckt seinen Schnabel sehr gerne in viele Dinge gleichzeitig. Das Ergebnis: Chaos hoch 10! Doch am Ende kann er es allen beweisen - Socke ist der weltbeste Helfer aller Zeiten. Er eröffnet kurzerhand einfach seinen eigenen Helferladen und flitzt als Superhelfer umher.</marc:subfield>
   </marc:datafield>
   <marc:datafield ind1=" " ind2=" " tag="020">
      <marc:subfield code="a">9783480230419</marc:subfield>
      <marc:subfield code="9">9783480230419</marc:subfield>
   </marc:datafield>
</marc:record>
